Регионална библиотека "Любен Каравелов" - Русе

Унищожителни земетресения (Запис номер 74798)

MARC детайли
000 -Лидер
Контролно поле с фиксирана дължина 01528nam a2200385 c 4500
003 - Код на организацията, давaща контролен номер
Контролно поле BLK
005 - Дата и час на последна редакция
Контролно поле 20231103005239.0
008 - Елементи от данни с фиксирана дължина
fixed length control field 180408b bul|||||r ||||||| ||bul||
010 ## - Наследен системен номер
LC control number KNG00079202000
020 ## - Международен стандартен номер на книга ISBN
Международен стандартен номер на книга ISBN 978-954-27-0063-0
-- издат.: Егмонт България
040 ## - Източник на каталожния запис
Идентификатор на билиотеката - собственик на записа BLK
041 ## - Код за език
Код за езика на текст/звукозапис или на отделно заглавие Български
Код за езика КДБФ Български
080 ## - УДК
Текстов определител УДК Сеизмология
УДК код - определител по УДК 550.34
УДК определител :087.5
УДК - код + определител 550.34:087.5
100 1# - Редна дума - Автор
Автор Ганери, Анита
Авторска отговорност първи автор
R(LIN) 51038
139 ## - Редно поле
Редна дума Ганери, Анита
Авторски знак Гане - Г 20
245 10 - Сведения за заглавието
Заглавие Унищожителни земетресения
Редно поле (дума) Анита Ганери; прев. Юлия Чернева; ил. Майк Филипс.
257 ## - Страна на издаване
Страна на създаване/издаване Великобритания
260 ## - Област на издателските данни
-- София
Име на издателя, разпространителя и проч. Егмонт България
Година на издаване 2007
Печатница София : Инвестпрес
300 ## - Физическа характеристика
Страници 127 с.
Илюстрации и др. с ил.
Размери/Мащаб 20 см
380 ## - Жанр
Жанр Детска отраслова лит.
490 1# - СЕРИИ (Колекции)
Име на серия Страховитото в географията
500 ## - Общи забележки
Забележка Ориг. загл. Horrible Geography. Earth-shattering Earthquakes / Anita Ganeri.
650 #4 - Допълнително описание по предмет – тема
Основно описание – тема или топоним Земетресения
9 (RLIN) 156038
653 ## - Ключова дума – ненормативна
Ключова дума земетресения
653 ## - Ключова дума – ненормативна
Ключова дума детска литература
653 ## - Ключова дума – ненормативна
Ключова дума литература за деца
700 1# - Други автори (авторска отговорност)
Лично име Филипс, Майк
Автороска отговорност (Описва отношението между автора и произведението) ил.
9 (RLIN) 296802
700 ## - Други автори (авторска отговорност)
Лично име Чернева, Юлия Недкова
Дати, свързани с автора 1955-
9 (RLIN) 365526
852 ## - Местоположение
Форматна сигнатура Цб 236813
856 4# - Електронен адрес и достъп
Електронен формат pdf - файл
Път до файла /url/
856 4# - Електронен адрес и достъп
Електронен формат pdf - файл
Път до файла /url/
942 ## - АРТИКУЛИ
Вид на библиотечния материал Книги
Скрит в OPAC Не
944 ## - СЪЗДАВАНЕ И РЕДАКЦИЯ на ЗАПИСА
Създаване/Редакция Създаване
Дата на регистрацията/редакция 14.11.2007
Статус, дата на статуса CRON CRON
Служител, извършил регистрацията/редакцията
944 ## - СЪЗДАВАНЕ И РЕДАКЦИЯ на ЗАПИСА
Създаване/Редакция Редакция
Дата на регистрацията/редакция 23.12.2009
Статус, дата на статуса ф /
Служител, извършил регистрацията/редакцията
999 ## - СИСТЕМНИ КОНТРОЛНИ НОМЕРА
Koha biblionumber 74798
Koha biblioitemnumber 74798
Наличности
Код за отписване Код за изгубен артикул Код за повреда Коз за рестрикции Код за отдаване Артикулен № Име на библиотеката - собственик Име на библиотеката, в която се намира в момента Статус (Текущо местоположение) Дата на вписване в системата Местоположение - отдел Цена в лева Инвентарен номер Систематично азбучна сигнатура Баркод Номер на екземпляра Цена в евро Служебна бележка Служебен тип на артикула
  Не е изгубен Не е повреден без рестрикции ползва се в читалня 121673 Регионална библиотека "Любен Каравелов" Русе Регионална библиотека "Любен Каравелов" Русе Хранилище 2007-11-14 Хранилище 2.99 120000719784 Цб 236813 120000719784 1 1.53 Дост: Dp Вид: Д N: 29 Дата: 27.06.2007 Книги
  Не е изгубен Не е повреден без рестрикции заемане за дома 121674 Регионална библиотека "Любен Каравелов" Русе Регионална библиотека "Любен Каравелов" Русе Детски отдел 2009-12-14 Детски отдел 2.54 120000740391 ДХ 55/Г 20 120000740391 2 1.30 Дост: Pk Вид: Ф N: 893 Дата: 11.12.2009 Дата инв: 20.08.2015 Бележки инв: Д2015 Книги
Vip Innovations Ltd, Rousse, Bulgaria 2025